Online
Catalog

Repensando el aprendizaje de la lengua / (Record no. 20208)

MARC details
000 -CABECERA
campo de control de longitud fija 00636nam a2200193 a 4500
001 - NÚMERO DE CONTROL
campo de control 000020704
005 - FECHA Y HORA DE LA ÚLTIMA TRANSACCIÓN
campo de control 20200930011141.0
008 - DATOS DE LONGITUD FIJA--INFORMACIÓN GENERAL
campo de control de longitud fija 100812s1997 dr 000 0 spa d
040 ## - FUENTE DE LA CATALOGACIÓN
Centro catalogador/agencia de origen DO-SdBNP
Lengua de catalogación spa
Centro/agencia transcriptor BPJMB
082 ## - NÚMERO DE LA CLASIFICACIÓN DECIMAL DEWEY
Número de clasificación 372.61
Número de documento/Ítem G939r
100 1# - ENTRADA PRINCIPAL--NOMBRE DE PERSONA
Nombre de persona Guevara, Nicolás,
9 (RLIN) 22224
245 10 - MENCIÓN DE TÍTULO
Título Repensando el aprendizaje de la lengua /
Mención de responsabilidad, etc. Nicolás Guevara.
260 ## - PUBLICACIÓN, DISTRIBUCIÓN, ETC.
Lugar de publicación, distribución, etc. Santo Domingo :
Nombre del editor, distribuidor, etc. Centro Poveda,
Fecha de publicación, distribución, etc. 1997.
300 ## - DESCRIPCIÓN FÍSICA
Extensión 52 p. ;
Dimensiones 27 cm.
490 1# - MENCIÓN DE SERIE
Mención de serie Cuadernos de Sociedad y Educación
Designación de volumen o secuencia 8
650 #4 - PUNTO DE ACCESO ADICIONAL DE MATERIA--TÉRMINO DE MATERIA
Término de materia o nombre geográfico como elemento de entrada Español
Subdivisión general Enseñanza
9 (RLIN) 406
650 #4 - PUNTO DE ACCESO ADICIONAL DE MATERIA--TÉRMINO DE MATERIA
Término de materia o nombre geográfico como elemento de entrada Gramática
Subdivisión general Enseñanza
9 (RLIN) 27960
830 #0 - PUNTO DE ACCESO ADICIONAL DE SERIE-TÍTULO UNIFORME
Título uniforme Cuadernos de Sociedad y Educación ;
Designación de volumen o secuencia 8
9 (RLIN) 36776

No items available.

Powered by Koha